El gran sapo / (Record no. 109427)

MARC details
000 -LEADER
campo de control de longitud fija 00535nam a2200193 4500
001 - NÚMERO DE CONTROL
campo de control 109427
003 - IDENTIFICADOR DE NÚMERO DE CONTROL
campo de control ES-MaACL
005 - FECHA Y HORA DE LA ÚLTIMA TRANSACCIÓN
campo de control 20231226200704.0
007 - CAMPO FIJO DE DESCRIPCIÓN FÍSICA--INFORMACIÓN GENERAL
campo de control de longitud fija t|
008 - DATOS DE LONGITUD FIJA--INFORMACIÓN GENERAL
campo de control de longitud fija 061121s1964 sp r ||||1| spa d
100 1# - ENTRADA PRINCIPAL--NOMBRE DE PERSONA
Nombre de persona Olmo, Lauro,
Fechas asociadas al nombre 1922-1994
9 (RLIN) 86974
245 13 - MENCIÓN DEL TÍTULO
Título El gran sapo /
Mención de responsabilidad, etc. Lauro Olmo.
250 ## - MENCION DE EDICION
Mención de edición 1ª ed.
260 ## - PUBLICACIÓN, DISTRIBUCIÓN, ETC.
Lugar de publicación, distribución, etc. Barcelona :
Nombre del editor, distribuidor, etc. Garbo,
Fecha de publicación, distribución, etc. 1964.
300 ## - DESCRIPCIÓN FÍSICA
Extensión 211 p. ;
Dimensiones 20 cm.
500 ## - NOTA GENERAL
Nota general Premio de Novela Elisenda de Montcada, 1963.
852 ## - LOCALIZACIÓN
Ubicación ES-MaACL
Número de control de estantería C-25438
Sublocalización o colección R.54090
Holdings
Estatus retirado Estado de pérdida Estado de daño No para préstamo Biblioteca de origen Biblioteca actual Ubicación en estantería Fecha de adquisición Fuente de adquisición Total de préstamos Signatura topográfica completa Código de barras Visto por última vez Precio de reemplazo Tipo de ítem Koha
        Biblioteca del Ateneo de Madrid Biblioteca del Ateneo de Madrid Depósito 2 17/01/2008     C-25438 1114177 23/02/2023 23/02/2023 Libro impreso